Statistics for Fastest Math

Click here to take the quiz!

General Stats

  • This quiz has been taken 271 times
  • The average score is 10 of 15

Answer Stats

Hint Answer % Correct
2*918
90%
32*4128
88%
4*1768
84%
0.5*42
81%
1*24352435
81%
5*1890
78%
6*954
73%
3*13
66%
8*0.252
63%
15*460
57%
8*864
54%
3*1236
48%
23*369
39%
11*11121
29%
7*1284
29%

Score Distribution

Percentile by Number Answered

Percent of People with Each Score

Your Score History

You have not taken this quiz